| 000 | 01314nam a2200265 a 4500 | ||
|---|---|---|---|
| 001 | 27969 | ||
| 003 | UkOxU | ||
| 005 | 20211209051225.0 | ||
| 008 | 140329s1975 enkab b 001 0 eng d | ||
| 020 | _a0521204135 (v.4) | ||
| 035 | _aBD-RjUL)28050 | ||
| 040 |
_aDLC _cDLC _dOCL _dEQO _dBD-RjUL _beng |
||
| 041 | _aeng | ||
| 082 | 0 | 4 |
_a960 _bCAM V-4 1975 |
| 245 | 0 | 4 |
_aThe Cambridge history of Africa / _cEd. Gichard Gray _nVolume 4 : _pFrom c. 1600 to c. 1790 |
| 260 |
_aCambridge : _bCambridge University Press, _c1975. |
||
| 300 |
_a738 p. : _bill. ; _c24 cm. |
||
| 504 | _aIncludes bibliographies and indices. | ||
| 505 | 0 | _av. 1. From the earliest times to c. 500 B.C. / edited by J. Desmond Clark. 1982.--v. 2. From c. 500 B.C. to A.D. 1050 / edited by J.D. Fage. 1978.--v. 3. From c. 1050 to c. 1600 / edited by Roland Oliver. 1977.--v. 4. From c. 1600 to c. 1790 / edited by Richard Gray. 1975.--v. 5. From c. 1790 to c. 1870 / edited by John Flint. 1977.--v. 6. From 1870 to 1905 / edited by Roland Oliver and G.N. Sanderson. 1985.--v. 7. From 1905 to 1940 / edited by A.D. Roberts. 1986.--v. 8. From c. 1940 to 1975 / edited by Michael Crowder. 1984. | |
| 651 | 0 |
_aAfrica _xHistory. _985786 |
|
| 700 | 1 |
_aGray, Richard _983086 |
|
| 942 |
_2ddc _cBK |
||
| 999 |
_c27969 _d27969 |
||